Tiempos de derecho penal: escritos breves sobre teoría y práctica, vida social y economía

Saved in:
Bibliografiske detaljer
Hovedforfatter: Silva Sánchez, Jesús María (Author)
Format: Bog
Sprog:spansk
Udgivet: Montevideo B de F 2009
Montevideo EDISOFER 2009
Fag:
Tags: Tilføj Tag
Ingen Tags, Vær først til at tagge denne postø!

MARC

LEADER 00000nam a2200000 a 4500
001 UCH7781
003 CL-VaPUC
008 091126e20090000uy |||||||||||||||||spa|d
020 |a 9789974676329 
082 0 4 |a 345  |b SIL  |2 21 
100 0 |a Silva Sánchez, Jesús María  |e author  |9 544140 
245 1 0 |a Tiempos de derecho penal: escritos breves sobre teoría y práctica, vida social y economía 
300 |a 189 p 
942 |c BK 
945 |d 20091126 00:00:00  |a rbrito 
260 |a Montevideo  |b B de F  |c 2009 
260 |a Montevideo  |b EDISOFER  |c 2009 
650 7 |a DERECHO PENAL  |2 CL-VaPUC  |9 11 
650 7 |a POLITICA CRIMINAL  |2 CL-VaPUC  |9 372625 
650 7 |a DERECHO PENAL PATRIMONIAL  |2 CL-VaPUC  |9 544141 
650 0 |a Teoría del derecho  |9 255982 
583 |a last modification  |c 20171004 04:55:20  |k Rodrigo Vera 
999 |c 338158  |d 338156 
952 |0 0  |1 0  |4 0  |6 345_000000000000000_SIL_2009_2009  |7 0  |8 A  |9 431022  |a BIBDER  |b BIBDER  |d 2019-11-22  |i 4621735  |o 345 SIL 2009 2009  |p 4621735  |r 2023-01-25  |w 2019-11-22  |y BK  |k DER